[Event "Almaty Open 2018"]
[Site "Almaty"]
[Date "2018.10.22"]
[Round "8"]
[White "Fier, Alexandr"]
[Black "Khegay, Dmitriy"]
[Result "1/2-1/2"]
[WhiteElo "2558"]
[BlackElo "2499"]
[Annotator "TA"]
[PlyCount "88"]
[EventDate "2018.10.16"]
[EventType "swiss"]
[EventCountry "KAZ"]
[SourceTitle "playchess.com"]
[Source "ChessBase"]
[SourceQuality "1"]

{[%evp 17,88,31,29,22,6,9,32,35,29,27,44,0,29,29,33,31,25,35,25,29,32,35,30,25,38,23,23,19,28,18,37,6,14,7,4,5,5,7,6,6,20,12,11,0,0,0,0,0,0,0,0,0,0,0,0,0,0,0,0,0,0,0,0,0,0,0,0,0,0,0,0,0,0]} 1. e4 e6 2. d4 d5 3. Nd2 c5 4. Ngf3 Nc6 5. exd5 exd5 6. Bb5 {[%cal Bf1b5,Bb5d3,Bd3f5][%mdl 32]} cxd4 7. O-O Bd6 8. Nb3 Nge7 {[%cal Bg8e7,Be7c6,Bc6e5,Be5c4][%mdl 32]} 9. Nbxd4 O-O 10. Bd3 {C09: French Tarrasch: 3...c5 4 exd5 exd5 5 Ngf3 Nc6} Nxd4 (10... h6 11. h3 Ng6 12. c3 Qf6 13. Be3 Nf4 14. Bxf4 Bxf4 15. Re1 Bc7 16. Bf1 Bb6 17. Qd2 Bd7 {½-½ (33) Hansen,C (2621)-Agdestein,S (2620) Oslo 2015}) 11. Nxd4 Nc6 12. Be3 {White is slightly better.} Ne5 13. h3 Qh4 $146 ({Predecessor:} 13... a6 14. c3 Nxd3 15. Qxd3 Qf6 16. Rfd1 Bc7 17. Nf3 Be6 18. Bd4 Qg6 19. Qxg6 hxg6 20. Be5 Bb6 21. Bd4 Bc7 22. Be5 Bb6 23. Bd4 Bc7 {½-½ (23) Skripchenko,A (2420)-Cosma,E (2316) Riga 2017}) 14. Bf5 a6 15. c3 Nc4 16. Bxc8 Raxc8 17. Nf5 Qe4 18. Nxd6 Nxd6 19. Re1 {Hoping for Bc5!} Rfe8 20. Bd4 Qf5 21. Qg4 (21. Qb3 {looks sharper.} Re6 22. Rxe6 fxe6 23. Qb4 Rc6 24. Re1) 21... Qxg4 22. hxg4 f6 23. Kf1 Kf7 24. Red1 Nc4 {The position is equal.} 25. b3 Na3 26. Rac1 Nb5 27. a4 Nxd4 28. Rxd4 $11 {[%mdl 4096] Endgame KRR-KRR} Rc5 29. b4 Rc4 30. Rxc4 dxc4 {KR-KR} 31. Rd1 b5 32. a5 Ke7 33. Ke2 Rd8 34. Rxd8 Kxd8 {KP-KP} 35. Ke3 Kd7 36. Kd4 Kd6 37. f4 g5 38. Ke4 Ke6 39. Kf3 Kd7 40. Ke2 Ke7 41. Ke3 Kd7 42. fxg5 fxg5 43. Ke4 {[#] Threatens to win with Kd5.} Ke6 44. g3 h6 {Precision: White = 64%, Black = 73%.} 1/2-1/2

[Event "Almaty Open 2018"]
[Site "Almaty"]
[Date "2018.10.22"]
[Round "8"]
[White "Hamitevici, Vladimir"]
[Black "Khusenkhojaev, Muhammad"]
[Result "0-1"]
[WhiteElo "2505"]
[BlackElo "2443"]
[Annotator "TA"]
[PlyCount "122"]
[EventDate "2018.10.16"]
[EventType "swiss"]
[EventCountry "KAZ"]
[SourceTitle "playchess.com"]
[Source "ChessBase"]
[SourceQuality "1"]

{[%evp 14,122,0,-21,0,-4,0,0,14,0,0,0,0,0,0,0,37,37,93,76,88,73,81,54,67,16,122,117,189,83,83,75,81,77,89,39,50,43,53,0,81,74,89,77,89,72,67,24,27,0,0,0,0,0,0,-16,0,-25,0,0,0,-40,-40,-43,0,0,0,0,0,0,0,0,0,0,0,0,0,-5673,-5397,-2491,-2770,-1061,-1874,-2167,-848,-2023,-1935,-1437,-1054,-566,-510,-1499,-1393,-12831,-12832,-12833,-12833,-12833,-12834,-12833,-12833,-12833,-12833,-12829,-12832,-12831,-12830,-12831,-12830,-698,-700]} 1. e4 e5 2. Nf3 Nc6 3. Be2 Nf6 4. d3 d5 5. Nbd2 Bd6 6. O-O O-O 7. c3 h6 {C44: Ponziani Opening and Scotch Gambit} (7... a5 8. Re1 a4 9. Qc2 h6 10. Nf1 Re8 11. Ng3 Be6 12. Bd2 Bc5 13. b4 axb3 14. axb3 Rxa1 15. Rxa1 {½-½ (52) Jobava,B (2695)-Adams,M (2752) Warsaw 2013}) 8. Qc2 {LiveBook: 3 Games} Be6 9. Re1 Re8 $146 {The position is equal.} ({Predecessor:} 9... Nd7 10. exd5 Bxd5 11. Ne4 f5 12. Nxd6 cxd6 13. c4 Bf7 14. a3 a5 15. b3 {0-1 (28) Mauba,S-Bouah,L (2175) Bruma Lake 1998}) 10. b4 {[%cal Bb2b4,Bb4b5][%mdl 32]} a5 11. b5 Ne7 {[%cal Bc6e7,Be7d5,Bd5f4][%mdl 32]} 12. exd5 Nexd5 ({But not} 12... Nfxd5 $6 13. c4 $16) 13. c4 Nf4 $1 14. Bf1 Ng6 15. Bb2 Nd7 (15... Bf5 $14) 16. d4 $16 exd4 17. Nxd4 Nc5 18. Nxe6 Nxe6 19. Ne4 (19. g3 $14) 19... Bf8 (19... Be5 $1 $11) 20. Rad1 Qe7 {[#]} (20... Qc8 $16) 21. g3 (21. Bf6 $1 $18 {[%cal Rf6e7][%mdl 512] has better winning chances.} gxf6 {[#]} 22. Rd7 $1 {[%mdl 512]}) 21... Rad8 22. Bg2 Rxd1 23. Rxd1 Rd8 24. Rxd8 Qxd8 25. c5 Qe7 26. c6 (26. a4 $14) 26... b6 (26... bxc6 $11 {keeps the balance.} 27. bxc6 Qb4) 27. Qc4 Qd8 28. Bf3 Be7 29. Bh5 Ngf8 30. f4 f5 31. Nc3 {[%cal Be4c3,Bc3d5,Bd5e7][%mdl 32]} Bc5+ 32. Kg2 {And now Nd5 would win.} Qd2+ 33. Qe2 Qd4 34. Bf3 Qg1+ 35. Kh3 g5 {aiming for ...Nd4.} 36. Nd5 $1 Bd4 37. Ne7+ Kh7 {...Bxb2 is the strong threat.} 38. Nxf5 Bxb2 (38... Nxf4+ $5 39. gxf4 Ng6 $15) 39. Qxb2 {Black must now prevent Qf6.} Ng6 {( -> ...Ngxf4+!)} 40. Kg4 $1 {Hoping for Qf6.} Ngxf4 $40 {[%csl Gf4][%cal Rh6h5][%mdl 128] Black attacks.} 41. Nxh6 $1 Kxh6 42. Qf6+ $1 Kh7 43. Qf7+ Kh8 44. a4 Qxh2 {[%csl Gf4][%cal Rh2h3]} 45. Qf6+ $2 {[%mdl 8192]} (45. gxf4 $11 Qxf4+ 46. Qxf4 gxf4 47. Bd1) 45... Ng7 $19 {[%csl Gf4,Gg7][%cal Rh2h5] Black is clearly winning.} 46. Qd8+ Kh7 {[%csl Gf4,Gg7][%cal Rh2h5]} 47. Be4+ Ng6 48. Bxg6+ Kxg6 {[%csl Gg6,Gg7][%cal Rh2h5]} 49. Qxg5+ Kh7 50. Qe5 Qc2 51. Kh4 Qxa4+ 52. g4 (52. Kh3 $142) 52... Kg6 53. Qxc7 Nf5+ 54. Kh3 Qb3+ 55. Kh2 Qc2+ 56. Kg1 Qd1+ 57. Kf2 Qd2+ 58. Kg1 Qe1+ 59. Kg2 Qe2+ 60. Kh3 Qf3+ 61. Kh2 Qf2+ {Precision: White = 45%, Black = 55%.} 0-1

[Event "Almaty Open 2018"]
[Site "Almaty"]
[Date "2018.10.22"]
[Round "8"]
[White "Kostenko, Petr"]
[Black "Yudin, Sergei"]
[Result "1-0"]
[WhiteElo "2459"]
[BlackElo "2526"]
[Annotator "TA"]
[PlyCount "41"]
[EventDate "2018.10.16"]
[EventType "swiss"]
[EventCountry "KAZ"]
[SourceTitle "playchess.com"]
[Source "ChessBase"]
[SourceQuality "1"]

{[%evp 17,41,42,53,38,45,32,36,15,27,12,31,32,25,14,44,29,22,29,44,25,100,102,121,112,268,266]} 1. e4 e6 2. d4 d5 3. Nc3 dxe4 4. Nxe4 Bd7 5. Nf3 Bc6 6. Bd3 Nd7 7. O-O Ngf6 8. Ng3 g6 {C10: French with 3 Nc3: Unusual Black 3rd moves and 3...dxe4} 9. c4 (9. Qe2 Bg7 10. Ne5 Nxe5 11. dxe5 Nd7 12. f4 O-O 13. Be4 Bxe4 14. Nxe4 Qe7 15. Be3 Rfd8 16. Rad1 {½-½ (64) So,W (2815)-Carlsen,M (2832) chess.com INT 2017}) 9... Bg7 {LiveBook: 14 Games} 10. Bg5 h6 $146 {White is slightly better.} ({Predecessor:} 10... Bxf3 11. Qxf3 c6 12. Ne4 O-O 13. Rad1 h6 14. Bh4 Re8 15. Nd6 Rf8 16. Nxb7 {1-0 (38) Pavlovic,D (2387)-Besedes,D (2315) Kragujevac 2016}) 11. Bf4 O-O 12. Ne5 Nxe5 13. Bxe5 Nd7 14. Bxg7 Kxg7 15. Qe2 Qh4 16. b4 b6 17. Rad1 Rad8 18. Bc2 Kg8 {[#]} (18... Bb7 $11) 19. Bxg6 $1 $16 {[%mdl 512] Black must now prevent d5.} Nf6 {[#]} (19... fxg6 20. Qxe6+) 20. d5 $1 exd5 $2 (20... Bd7 $16) 21. Nf5 {Precision: White = 56%, Black = 32%.} 1-0

[Event "Almaty Open 2018"]
[Site "Almaty"]
[Date "2018.10.22"]
[Round "8"]
[White "Askarov, Bakhtiyar"]
[Black "Daurimbetov, A."]
[Result "1-0"]
[WhiteElo "2428"]
[BlackElo "2282"]
[Annotator "ChessBase"]
[PlyCount "87"]
[EventDate "2018.10.16"]
[EventType "swiss"]
[EventCountry "KAZ"]
[SourceTitle "playchess.com"]
[Source "ChessBase"]
[SourceQuality "1"]
[TimeControl "5400+30"]

1. d4 {[%emt 0:19:45]} Nf6 {[%emt 0:00:45]} 2. Nf3 {[%emt 0:01:32]} g6 {[%emt 0:00:05]} 3. Bf4 {[%emt 0:01:59]} Bg7 {[%emt 0:00:08]} 4. e3 {[%emt 0:00:04]} d6 {[%emt 0:00:08]} 5. h3 {[%emt 0:00:04]} b6 {[%emt 0:00:13]} 6. Be2 {[%emt 0:00:23]} Bb7 {[%emt 0:00:04]} 7. O-O {[%emt 0:00:11]} O-O {[%emt 0:00:05]} 8. a4 {[%emt 0:00:46]} a5 {[%emt 0:00:57]} 9. Na3 {[%emt 0:00:39]} Nbd7 {[%emt 0:00:33]} 10. Bh2 {[%emt 0:00:29]} Ne4 {[%emt 0:00:30]} 11. Nc4 {[%emt 0:01:55]} f5 {[%emt 0:05:00]} 12. c3 {[%emt 0:00:28]} g5 {[%emt 0:01:27]} 13. Ne1 {[%emt 0:02:56]} e6 {[%emt 0:02:04]} 14. Nd3 {[%emt 0:10:24]} Qe7 {[%emt 0:06:39]} 15. Qc2 {[%emt 0:02:44]} Bd5 {[%emt 0:08:13]} 16. Na3 {[%emt 0:05:43]} g4 {[%emt 0:04:06]} 17. c4 {[%emt 0:15:25]} Bb7 {[%emt 0:02:02]} 18. hxg4 {[%emt 0:00:24]} Qh4 {[%emt 0:02:24]} 19. gxf5 {[%emt 0:18:53]} Rxf5 {[%emt 0:02:07]} 20. g3 {[%emt 0:01:19]} Qh3 {[%emt 0:15:16]} 21. d5 {[%emt 0:02:30]} exd5 {[%emt 0:02:43]} 22. Nf4 {[%emt 0:01:12]} Rxf4 {[%emt 0:00:44]} 23. exf4 {[%emt 0:01:14]} Bd4 {[%emt 0:01:26]} 24. Nb5 {[%emt 0:01:34]} Bc5 {[%emt 0:02:58]} 25. Bf3 {[%emt 0:02:33]} Nxg3 {[%emt 0:01:01]} 26. Bg2 {[%emt 0:00:23]} Qg4 {[%emt 0:00:14]} 27. Bxg3 {[%emt 0:01:12]} Qxg3 {[%emt 0:00:03]} 28. Ra3 {[%emt 0:02:27]} Qg7 {[%emt 0:01:47]} 29. Rh3 {[%emt 0:00:54]} d4 {[%emt 0:06:51]} 30. Rh2 {[%emt 0:00:04]} Kh8 {[%emt 0:00:31]} 31. Kh1 {[%emt 0:00:14]} Bxg2+ {[%emt 0:00:23]} 32. Rxg2 {[%emt 0:00:07]} Qh6+ {[%emt 0:00:01]} 33. Rh2 {[%emt 0:00:20]} Qg7 {[%emt 0:01:28]} 34. Rg1 {[%emt 0:00:49]} Qe7 {[%emt 0:01:27]} 35. Nxc7 {[%emt 0:00:35]} Rg8 {[%emt 0:00:49]} 36. Rxg8+ {[%emt 0:01:00]} Kxg8 {[%emt 0:00:01]} 37. Nd5 {[%emt 0:01:43]} Qe1+ {[%emt 0:06:53]} 38. Kg2 {[%emt 0:00:06]} d3 {[%emt 0:00:33]} 39. Qxd3 {[%emt 0:00:10]} Qxf2+ {[%emt 0:01:53]} 40. Kh3 {[%emt 0:00:07]} Qe1 {[%emt 0:00:58]} 41. Qf3 {[%emt 0:00:50]} Nf8 {[%emt 0:01:55]} 42. Re2 {[%emt 0:00:45]} Qb1 {[%emt 0:01:51]} 43. f5 {[%emt 0:02:01]} Qd1 {[%emt 0:07:24]} 44. Rg2+ {[%emt 0:00:10]} 1-0

[Event "Almaty Open 2018"]
[Site "Almaty"]
[Date "2018.10.22"]
[Round "8"]
[White "Suleymenov, Alisher"]
[Black "Utegaliyev, Azamat"]
[Result "0-1"]
[WhiteElo "2331"]
[BlackElo "2517"]
[Annotator "TA"]
[PlyCount "86"]
[EventDate "2018.10.16"]
[EventType "swiss"]
[EventCountry "KAZ"]
[SourceTitle "playchess.com"]
[Source "ChessBase"]
[SourceQuality "1"]

{[%evp 18,86,87,75,84,72,89,76,116,51,88,50,59,50,76,46,62,0,64,22,36,41,47,41,39,-67,0,0,46,-2,61,58,68,0,0,0,167,0,0,-97,-118,-420,-382,-626,-621,-559,-626,-603,-599,-622,-623,-614,-569,-566,-619,-608,-600,-645,-631,-668,-662,-634,-608,-1204,-1202,-1928,-1892,-1694,-1623,-1787,-1628]} 1. d4 Nf6 2. c4 c5 3. d5 e6 4. Nc3 exd5 5. cxd5 g6 6. Nf3 d6 7. Bf4 a6 8. a4 {A61: Modern Benoni: Nf3 without early e4} (8. e4 Bg4 9. Qa4+ Nbd7 10. Nd2 b5 11. Qc2 Nh5 12. Be3 Nb6 13. h3 Bd7 14. g4 Nf6 15. Bf4 Qe7 16. Be2 Bg7 {1-0 (40) Yilmaz,M (2630)-Perunovic,M (2593) Valjevo 2018}) 8... Nh5 9. Bg5 Be7 10. Bh6 $1 {LiveBook: 8 Games. White is better.} Bf8 11. Qd2 Bxh6 $146 ({Predecessor:} 11... Qe7 12. e4 Bxh6 13. Qxh6 Qf8 14. Qe3 Nd7 15. g4 Nhf6 {½-½ (32) Chen,F (2107)-Manukian,A (2196) chess.com INT 2018}) 12. Qxh6 Qe7 13. Ra3 (13. e4 $16) 13... Nf6 14. g3 Nbd7 15. Bg2 Qf8 16. Qf4 Qe7 17. Qh6 (17. O-O $14) 17... Rb8 (17... Qf8 $11 18. Qxf8+ Rxf8) 18. a5 b5 {Threatens to win with ...b4.} 19. axb6 $1 Rxb6 20. O-O Rxb2 21. Nd2 (21. Re1 $14) 21... Ne5 ({Black should try} 21... Ng4 $1 $15 22. Qg7 Qe5 23. Qxe5+ Ngxe5) 22. Nde4 $11 Neg4 23. Qf4 Rb6 ({Better is} 23... Nxe4 $11 24. Nxe4 Ne5) 24. Na4 $14 Nh5 {[%cal Bf6h5,Bh5f4,Bf4e2][%mdl 32]} 25. Nxb6 (25. Qd2 $14 Rb4 26. h3) 25... Nxf4 $11 26. Nxc8 Nxe2+ 27. Kh1 Qe5 {...0-0 is the strong threat.} 28. Nexd6+ {[#]} (28. Ncxd6+ $11 Kf8 29. Rxa6) 28... Kf8 $1 $17 {Strongly threatening ...h5.} 29. h3 $2 {[%mdl 8192]} (29. Rf3 $17 f5 30. Rb3) 29... h5 $19 30. Rxa6 $2 {[#]} (30. Rf3 Rh7 31. Nc4 Qxd5 32. N8b6) 30... Qf6 $1 {Black is clearly winning.} 31. Ra7 Nxf2+ 32. Rxf2 Qxf2 {[%csl Ge2][%cal Rf2g1]} 33. Rxf7+ Qxf7 34. Nxf7 Kxf7 {[%mdl 4096] Endgame KRN-KBN} 35. Nb6 Nxg3+ 36. Kg1 Nf5 37. Nd7 Rc8 38. Ne5+ Kf6 39. Nc4 Rb8 40. Bf3 Rb4 41. Be2 Ng3 42. Bd3 Rb3 43. Bc2 Rc3 {Precision: White = 28%, Black = 56%.} 0-1

[Event "Almaty Open 2018"]
[Site "Almaty"]
[Date "2018.10.22"]
[Round "8"]
[White "Moisseyenko, Ilya"]
[Black "Urazayev, Arystanbek"]
[Result "0-1"]
[WhiteElo "2300"]
[BlackElo "2321"]
[Annotator "ChessBase"]
[PlyCount "78"]
[EventDate "2018.10.16"]
[EventType "swiss"]
[EventCountry "KAZ"]
[SourceTitle "playchess.com"]
[Source "ChessBase"]
[SourceQuality "1"]
[TimeControl "5400+30"]

1. d4 {[%emt 0:00:00]} Nf6 {[%emt 0:00:51]} 2. Nf3 {[%emt 0:01:22]} e6 {[%emt 0:00:05]} 3. c4 {[%emt 0:00:05]} d5 {[%emt 0:00:03]} 4. Nc3 {[%emt 0:00:08]} dxc4 {[%emt 0:00:04]} 5. e3 {[%emt 0:00:32]} a6 {[%emt 0:00:24]} 6. a4 {[%emt 0:00:54]} c5 {[%emt 0:00:55]} 7. Bxc4 {[%emt 0:00:08]} Nc6 {[%emt 0:00:26]} 8. O-O {[%emt 0:01:13]} Be7 {[%emt 0:00:08]} 9. Ne5 {[%emt 0:13:09]} cxd4 {[%emt 0:01:26]} 10. Nxc6 {[%emt 0:00:14]} bxc6 {[%emt 0:00:05]} 11. exd4 {[%emt 0:00:08]} a5 {[%emt 0:00:04]} 12. Qf3 {[%emt 0:01:50]} Nd5 {[%emt 0:01:43]} 13. Ne4 {[%emt 0:02:02]} O-O {[%emt 0:02:20]} 14. Rd1 {[%emt 0:03:59]} Ba6 {[%emt 0:01:04]} 15. b3 {[%emt 0:00:23]} Qb6 {[%emt 0:05:18]} 16. Bg5 {[%emt 0:05:38]} Bxg5 {[%emt 0:27:39]} 17. Nxg5 {[%emt 0:00:05]} h6 {[%emt 0:00:53]} 18. Ne4 {[%emt 0:00:09]} Rfd8 {[%emt 0:01:16]} 19. Nc5 {[%emt 0:19:36]} Bxc4 {[%emt 0:01:24]} 20. bxc4 {[%emt 0:00:02]} Nb4 {[%emt 0:00:09]} 21. Qe2 {[%emt 0:11:50]} Rab8 {[%emt 0:01:08]} 22. Rab1 {[%emt 0:00:36]} Qc7 {[%emt 0:00:41]} 23. Rb3 {[%emt 0:03:41]} e5 {[%emt 0:05:46]} 24. Rg3 {[%emt 0:17:05]} Rxd4 {[%emt 0:01:39]} 25. Rxd4 {[%emt 0:00:07]} exd4 {[%emt 0:00:03]} 26. h4 {[%emt 0:00:24]} Rd8 {[%emt 0:15:40]} 27. h5 {[%emt 0:03:53]} Qf4 {[%emt 0:05:11]} 28. Nd7 {[%emt 0:03:38]} Qf5 {[%emt 0:06:02]} 29. Nb6 {[%emt 0:07:53]} Qe6 {[%emt 0:03:03]} 30. Qd2 {[%emt 0:00:35]} c5 {[%emt 0:00:58]} 31. Nd5 {[%emt 0:00:14]} Nxd5 {[%emt 0:00:12]} 32. cxd5 {[%emt 0:00:03]} Rxd5 {[%emt 0:00:29]} 33. Qxa5 {[%emt 0:01:31]} c4 {[%emt 0:00:46]} 34. Qb4 {[%emt 0:01:03]} c3 {[%emt 0:04:37]} 35. Qc4 {[%emt 0:00:48]} Qe1+ {[%emt 0:00:17]} 36. Kh2 {[%emt 0:00:03]} Rxh5+ {[%emt 0:00:10]} 37. Rh3 {[%emt 0:00:02]} Rxh3+ {[%emt 0:00:06]} 38. gxh3 {[%emt 0:00:18]} Qxf2+ {[%emt 0:00:04]} 39. Kh1 {[%emt 0:00:04]} c2 {[%emt 0:00:31]} 0-1

[Event "Almaty Open 2018"]
[Site "Almaty"]
[Date "2018.10.22"]
[Round "8"]
[White "Mezentsev, Ivan"]
[Black "Zubarev, Alexander"]
[Result "0-1"]
[WhiteElo "2270"]
[BlackElo "2490"]
[Annotator "TA"]
[PlyCount "60"]
[EventDate "2018.10.16"]
[EventType "swiss"]
[EventCountry "KAZ"]
[SourceTitle "playchess.com"]
[Source "ChessBase"]
[SourceQuality "1"]

{[%evp 17,60,13,15,14,22,0,0,-15,-16,-15,-15,-14,-16,-16,-12,-15,-17,-20,-19,-32,-30,-28,-31,-59,-53,-96,-71,-94,-52,-59,-45,-56,-56,-87,-84,-75,-71,-1221,-974,-898,-513,-1558,-1525,-5481,-1761]} 1. e4 c5 2. Nf3 e6 3. c3 Nf6 4. e5 Nd5 5. d4 cxd4 6. cxd4 b6 7. Bc4 Ba6 {B22: Sicilian: 2 c3} 8. Bxa6 Nxa6 9. O-O Rc8 {LiveBook: 3 Games. The position is equal.} 10. Bd2 Be7 $146 ({Predecessor:} 10... Nac7 11. Nc3 Nxc3 12. bxc3 Nd5 13. Qb3 h6 14. Rfc1 Ne7 15. c4 {0-1 (36) Gorodetzky,M (1995)-Kozul,Z (2613) Tallinn 2016}) 11. Nc3 (11. Qe2 {looks sharper.} Nac7 12. Nc3 O-O 13. Rfc1 f6 14. exf6 Nxf6 15. Re1) 11... Nxc3 12. Bxc3 Nc7 13. Qa4 a5 14. Rfc1 Nd5 15. Bd2 O-O 16. Rxc8 Qxc8 17. Rc1 Qb7 18. Qb5 Rc8 19. Rxc8+ Qxc8 20. h4 Qc2 21. Qb3 Qe4 22. g3 a4 23. Qd1 h6 {[%cal Bh7h6,Bh6h5][%mdl 32]} 24. Kg2 b5 25. Qe1 Qc2 $36 {[%mdl 2048] Keeping White busy.} 26. Qa1 a3 27. Bc1 $2 {[%mdl 8192]} (27. bxa3 $17 Bxa3 28. Qf1) 27... Bb4 {Black is clearly winning.} 28. Kf1 h5 29. Kg2 {[#]} (29. bxa3 $142 Bc3 30. Ne1) 29... Ne3+ $1 $19 {[%mdl 512]} 30. Kh3 (30. Bxe3 axb2) 30... Nd1 {Precision: White = 33%, Black = 82%.} 0-1

[Event "Almaty Open 2018"]
[Site "Almaty"]
[Date "2018.10.22"]
[Round "8"]
[White "Primbetov, Kazbek"]
[Black "Kekelidze, Mikheil"]
[Result "0-1"]
[WhiteElo "2251"]
[BlackElo "2360"]
[Annotator "NA"]
[PlyCount "72"]
[EventDate "2018.10.16"]
[EventType "swiss"]
[EventCountry "KAZ"]
[SourceTitle "playchess.com"]
[Source "ChessBase"]
[SourceQuality "1"]
[TimeControl "5400+30"]

{[%evp 8,60,47,32,32767,32767,28,31,45,32,41,33,35,32767,6,-12,7,32767,0,-34,-30,-40,-29,-40,-23,-29,-29,-35,-32,-20,-27,-28,-26,-31,-35,-134,-139,-242,-283,-280,-161,-304,-208,-604,0,32767,32767,-145,-103,-157,-135,-774,-801,-4818,-875]} 1. d4 {[%emt 0:02:41]} Nf6 {[%emt 0:00:00]} 2. Nf3 {[%emt 0:00:31]} g6 {[%emt 0:04:05]} 3. c4 {[%emt 0:02:17]} Bg7 {[%emt 0:00:06]} 4. Nc3 {[%emt 0:00:06]} O-O {[%emt 0:00:34]} 5. e4 {[%emt 0:00:06]} d6 {[%emt 0:00:18]} 6. Be2 {[%emt 0:00:12]} e5 {[%emt 0:07:07]} 7. O-O {[%emt 0:01:32]} exd4 {[%emt 0:00:38]} 8. Nxd4 {[%emt 0:00:08]} Re8 {[%emt 0:00:04]} 9. f3 {[%emt 0:15:59] LiveBook: 1619 Games} c6 {[%emt 0:02:30]} 10. Re1 {[%emt 0:18:20] E94: King's Indian: Classical: 6 Be2 e5 7 0-0: Various Black 7th moves} (10. Kh1 Nbd7 11. Bg5 Qb6 12. Na4 Qc7 13. Qd2 Nc5 14. Nc3 a5 15. Rab1 a4 16. b4 axb3 17. axb3 Nfd7 18. Be3 Ne6 19. Rfd1 Ndc5 {1-0 (45) Dubov,D (2658)-Kokarev,D (2620) Sochi 2017}) 10... d5 {[%emt 0:20:57]} 11. cxd5 {[%emt 0:00:25]} cxd5 {[%emt 0:00:04]} 12. Bb5 {[%emt 0:00:24]} Nc6 {[%emt 0:06:31]} 13. Be3 {[%emt 0:07:37]} Bd7 {[%emt 0:02:41]} 14. Bxc6 $146 {[%emt 0:25:18]} ({Predecessor:} 14. exd5 Nxd5 15. Nxc6 bxc6 16. Nxd5 Bxb2 17. Rb1 Bg7 18. Bf1 Bf5 19. Nf4 Rxe3 20. Rxe3 Bd4 21. Kf2 Bxb1 22. Qxb1 Qh4+ 23. g3 Qxh2+ 24. Ng2 Re8 {0-1 (24) Olesen,M (2230)-Burgess,G (2350) Aarhus 1989}) 14... Bxc6 {[%emt 0:00:55]} 15. Nxc6 {[%emt 0:00:33]} bxc6 {[%emt 0:00:08]} 16. exd5 {[%emt 0:01:49]} Nxd5 {[%emt 0:00:51]} 17. Nxd5 {[%emt 0:00:24]} cxd5 {[%emt 0:00:13]} 18. Qd2 {[%emt 0:00:47]} d4 {[%emt 0:06:45]} 19. Bf2 {[%emt 0:00:53]} Qd5 {[%emt 0:00:17]} 20. b3 {[%emt 0:09:29]} d3 {[%emt 0:02:00]} 21. Rxe8+ {[%emt 0:01:11]} ({Better is} 21. Rad1 $15) 21... Rxe8 {[%emt 0:00:10]} 22. Rd1 {[%emt 0:00:01]} (22. Re1 $17 Rc8 23. Rc1) 22... Bd4 {[%emt 0:00:58]} 23. Bxd4 {[%emt 0:06:08]} Qxd4+ $2 {[%emt 0:00:16]} 24. Qf2 {[%emt 0:00:01] [#]} Qc3 $1 {[%emt 0:10:14]} 25. Qd2 $2 {[%emt 0:02:09] [#]} (25. Kf1 Re2 26. Qh4) 25... Qd4+ {[%emt 0:00:14]} (25... Qc5+ $1 $19 26. Qf2 Qc2 27. Qxc2 dxc2) 26. Qf2 {[%emt 0:00:05]} Re3 {[%emt 0:00:05]} 27. h3 {[%emt 0:03:40]} h5 {[%emt 0:00:11]} 28. h4 {[%emt 0:00:43]} ({White should play} 28. b4) 28... Qe5 {[%emt 0:02:54]} 29. Kf1 $2 {[%emt 0:00:29] [#]} (29. Qd2 $17) 29... Re2 $1 {[%emt 0:00:54]} 30. Qxa7 {[%emt 0:00:29]} d2 $19 {[%emt 0:02:18]} (30... Qg3 $142 31. Qg1 Rxa2) 31. Qf2 {[%emt 0:00:29]} Rxf2+ {[%emt 0:00:51]} 32. Kxf2 {[%emt 0:00:02]} Qd4+ {[%emt 0:01:24]} 33. Ke2 {[%emt 0:00:04]} Qxh4 {[%emt 0:00:04]} 34. Rxd2 {[%emt 0:00:11]} Qg5 {[%emt 0:00:12]} 35. Ke1 {[%emt 0:00:07]} h4 {[%emt 0:00:05]} 36. b4 {[%emt 0:01:46]} Qf4 {[%emt 0:01:35]} 0-1

[Event "Almaty Open 2018"]
[Site "Almaty"]
[Date "2018.10.23"]
[Round "9"]
[White "Yudin, Sergei"]
[Black "Askarov, Bakhtiyar"]
[Result "0-1"]
[WhiteElo "2526"]
[BlackElo "2428"]
[Annotator "TA"]
[PlyCount "76"]
[EventDate "2018.10.16"]
[EventType "swiss"]
[EventCountry "KAZ"]
[SourceTitle "playchess.com"]
[Source "ChessBase"]
[SourceQuality "1"]

{[%evp 15,76,11,11,5,33,14,12,10,22,14,20,4,8,8,27,20,22,0,0,0,0,0,0,0,0,-10,0,0,-6,0,9,-2,-8,-10,-5,-5,-5,-5,0,0,25,-160,0,-43,-30,-53,20,15,89,99,92,-81,121,0,0,0,-6,-146,-74,-74,-74,-618,-618]} 1. Nf3 Nf6 2. b3 d5 3. Bb2 Bf5 4. g3 e6 5. Bg2 Be7 6. O-O h6 7. d3 O-O 8. Nbd2 a5 9. a3 {A07: Réti Opening: New York and Capablanca Systems} Na6 10. Re1 Bh7 11. e4 {The position is equal.} c6 12. Ne5 Re8 13. exd5 cxd5 14. Ndf3 Nc5 15. Qd2 Nfd7 16. Qf4 Nxe5 17. Nxe5 Bf6 18. Bd4 Rc8 19. Rad1 Qd6 20. b4 axb4 21. axb4 Na4 22. Qd2 b5 23. f4 Bd8 24. Rc1 Bb6 $36 {[%mdl 2048] Black has some pressure.} 25. Qf2 Bxd4 26. Qxd4 Rc3 27. g4 Rd8 28. Re2 $2 (28. g5 $11) 28... Rc7 $2 ({Better is} 28... f6 $17 29. f5 exf5 30. gxf5 Bxf5) 29. Rce1 Nc3 30. Rf2 Rdc8 (30... Na2 $15 31. Rb1 Nc3) 31. g5 $11 {White wants to play gxh6.} hxg5 (31... h5 $11) 32. fxg5 $16 Bf5 33. Qh4 $2 {[#]} (33. g6 $1 $16 {stays on course.} fxg6 34. Ra1) 33... Na2 $2 {[#]} (33... Ne4 $1 $17 {[%cal Re4f2][%mdl 512]} 34. Nxf7 (34. dxe4 Qxe5) 34... Rxf7 35. dxe4 dxe4 36. Bxe4 Qd4) 34. g6 (34. Rxf5 $1 $16 exf5 35. Re3 Rxc2 36. Rh3) 34... fxg6 $11 35. Nf3 {Ng5 is the strong threat.} Qxb4 36. d4 {[#]} (36. c4 $1 $11 {was the only way to keep the balance.} g5 37. Qxg5) 36... Rxc2 (36... g5 $142 $1 {[%cal Rg5h4]} 37. Qxg5 Rxc2 38. Rxc2 Rxc2) 37. Rxc2 $17 Rxc2 ({Inferior is} 37... Bxc2 38. Ng5 $16) 38. Ng5 $2 {[%mdl 8192] [#]} (38. Bf1 $17) 38... Qxe1+ $1 {[%mdl 512] Precision: White = 34%, Black = 44%.} 0-1